Imázsépítés az eseménymarketing eszközeivel az Árkád példáján

Bibliográfiai részletek
Szerző: Kiss Bettina Nikolett
További közreműködők: Totth Dr. Gedeon
Dokumentumtípus: Diplomadolgozat
Kulcsszavak:Imázs
Eseménymarketing
Árkád
Online Access:http://dolgozattar.uni-bge.hu/20592

MARC

LEADER 00000nta a2200000 i 4500
001 dolg20592
005 20200430085738.0
008 190506suuuu hu om 000 hun d
040 |a BGE Dolgozattár Repozitórium  |b hun 
041 |a hu 
100 1 |a Kiss Bettina Nikolett 
245 1 0 |a Imázsépítés az eseménymarketing eszközeivel az Árkád példáján  |c Kiss Bettina Nikolett  |h [elektronikus dokumentum] 
695 |a Imázs 
695 |a Eseménymarketing 
695 |a Árkád 
700 1 |a Totth Dr. Gedeon  |e ths 
856 4 0 |u http://dolgozattar.uni-bge.hu/20592/1/SZAKDOLGOZAT.pdf  |z Dokumentum-elérés